00738nam a2200181 a 4500003000400000005001700004008004100021020001800062040002500080082002300105100002600128245022800154260003300382300004100415500006300456650001500519650002200534OSt20251010121501.0101012s2020 dr 000 0 spa d a9789945807349 aDO-SdBNPbspacBNPHU 4a303.625bV145d2221 aValdez, Manueld1965-13a¿Destruirá el terrorismo al mundo? :buna cosmovisión de la geopolítica y de como el terrorismo y el crimen organizado amenazan la paz mundial, el orden internacional y la supervivencia del planeta / cManuel Valdez. aSanto Domingo :bMBC,c2020. a247 p. ;bil., fots., mapas,c22 cm. aIncluye datos biográficos del autor en la contracubierta 0aTerrorismo 0aCrimen organizado